Sorry - Madonna (Lyrics) - Statistics

General Stats
  • This quiz has been taken 10 times
  • The average score is 287 of 345
Answer Stats
Answer % Correct
all
100%
And
100%
and
100%
be
100%
can
100%
I
100%
it
100%
I've
100%
know
100%
so
100%
sorry
100%
the
100%
you
100%
your
100%
anymore
88%
before
88%
before,
88%
before"
88%
can't
88%
don't
88%
Don't
88%
(Don't
88%
hear,
88%
is
88%
me'
88%
me
88%
me...
88%
myself
88%
of
88%
Please
88%
say
88%
see
88%
take
88%
wanna
88%
you're
88%
You're
88%
are
75%
because
75%
care
75%
cheap
75%
cheap)
75%
désolé
75%
'forgive
75%
Forgive
75%
heard
75%
"Je
75%
lies
75%
Lo
75%
not
75%
siento
75%
speak
75%
speak)
75%
suis
75%
talk
75%
to
75%
ben
63%
cause
63%
far
63%
gone
63%
half
63%
hearing
63%
Ik
63%
important
63%
man
63%
more
63%
Perdóname
63%
Save
63%
seen
63%
than
63%
There's
63%
(There's
63%
things
63%
think
63%
too
63%
words
63%
you've
63%
explain
50%
(Listen
50%
Sono
50%
spiacente
50%
stories
50%
stories)
50%
you'd
50%
yourself
50%
yourself,
50%
droevig
38%
like
38%
listened
38%
convenient
25%
never
25%
Przepraszam
25%
you'll
25%
Gomen
13%
made
13%
nasai
13%
kardo
0%
maaf
0%
Mistake
0%
Mujhe
0%
[repeat]
0%
Slihah
0%
No matching quizzes found
Score Distribution
Percent of People with Each Score
Percentile by Number Answered
Your Score History
You have not taken this quiz